000 00613nam a2200229Ia 4500
003 OSt
005 20220923230930.0
006 a|||||r|||| 00| 0
007 ta
008 Pun
024 _a307,659
037 _cTextual
040 _aARTS
_cARTS
_bPun
041 _2Pun
_aPun
082 _aV23671.N, 153L7
100 _aਬੀਰ, ਜਸਬੀਰ ਸਿੰਘ
245 0 _aਧੰਨ ਸੁਠ ਦੇਸੁ
260 _c1977
650 _aਭਾਰਤੀਯ ਇਤਿਹਾਸ
942 _hV23671.N, 153L7
_cTEXL
_2CC
999 _c388346
_d388346